Mystery Of Love - Sufjan Stevens - All Lyrics - Statistics

General Stats
  • This quiz has been taken 338 times
  • The average score is 147 of 192
Answer Stats
Answer % Correct
my
99%
Oh,
99%
oh
99%
woah
99%
I
98%
The
98%
the
98%
you
97%
me
96%
see
96%
a
95%
love
95%
that
95%
to
95%
first
94%
time
94%
eyes
93%
of
93%
kissed
92%
mystery
92%
by
91%
without
91%
be
87%
who
87%
your
87%
cried
86%
is
85%
what
85%
an
83%
no
82%
touched
82%
around
79%
it
78%
walls
75%
Boundless
74%
River
74%
will
74%
sound
73%
awful
72%
wonders
72%
built
71%
last
71%
ever
70%
Blessed
68%
on
68%
And
67%
noise,
67%
White
67%
can
66%
cease?
66%
Feel
66%
ground
66%
above
65%
feet
65%
shoulder
64%
from
62%
How
62%
longer
62%
lover
62%
Now
62%
plover
62%
riverbed
62%
daughter
61%
believe
60%
brother's
60%
Hand
60%
I’m
60%
I'm
60%
take?
60%
this
60%
Like
58%
like
58%
make
58%
much
58%
deliver
57%
does
57%
in
57%
received
57%
sorrow
57%
when
57%
bed?
56%
Cursed
56%
difference
56%
over?
56%
Shall
56%
God,
55%
reminds
55%
Alexander’s
54%
breath
54%
breathe
54%
sleep
54%
Lord,
52%
misery
52%
has
51%
Blackbird
50%
died
50%
dried
50%
find
50%
unhappiness
50%
within
50%
head
48%
Till
48%
other?
46%
hands
45%
Hold
45%
waters
45%
living
44%
birthmark
43%
Hephaestion,
38%
Rogue
38%
Fumbling
37%
prone
36%
Drowned
34%
running
34%
upon
34%
No matching quizzes found
Score Distribution
Percent of People with Each Score
Percentile by Number Answered
Your Score History
You have not taken this quiz